'Free' Stuff Quiz Stats

 Plays Quiz not verified by Sporcle

Support Sporcle.
Go Orange.
Score 0/20 Timer 04:00
0 Plays Today
Hint Answer % Correct
Type of swimming, wrestling, or skiingfreestyle
85.1%
1993 Warner Bros. film about a boy and an orcaFree Willy
84.7%
Voluntary choice or decision; or, a song by Rushfree will
83.6%
Actor from Glory, The Shawshank RedemptionMorgan Freeman
73.5%
9:06 track that concluded Lynyrd Skynyrd's first albumFree Bird
69.4%
A method of raising livestock in an unconfined locationfree range
66%
The second guarantee of the 1st Amendment to the U.S. Constitutionfreedom of speech
64.9%
Containing no lipidsfat free
64.9%
Member of a major fraternal organization that has certain secret ritualsfreemason
60.4%
Fourth film of the Die Hard series, from 2007Live Free or Die Hard
59.3%
Hint Answer % Correct
Someone (often a writer) who pursues a profession without a long-term commitment to any one employerfreelancer
54.5%
A play in football/soccer and rugbyfree kick
54.1%
Software that is available for use at no cost or for a nominal usually voluntary feefreeware
53.4%
Type of poetry without meter, rhyme, or any other musical patternfree verse
52.2%
Opening track of Tom Petty's 1989 Full Moon FeverFree Fallin'
47%
The capital of Sierra LeoneFreetown
46.6%
A former slave, often referring to those emancipated in U.S.freedman
32.1%
NBA player for 5 teams from 1975-88World B. Free
20.1%
Microsoft winter sport game created by Chris PirihSkiFree
10.4%
Name of the bronze statue on the roof of the U.S. CapitolStatue of Freedom
3%

You're not logged in!

Compare scores with friends on all Sporcle quizzes.
OR
Log In

From the Vault

10 to 1: 80s Pop Songs

by whssox

It's time to take this quiz and pop off.
Remove Ads.
Support Sporcle.
Get the best of Sporcle when you Go Orange. This ad-free experience offers more features, more stats, and more fun while also helping to support Sporcle. Thank you for becoming a member.

Show Comments

Extras

Created Feb 10, 2011ReportNominate
Tags:feel, free

Top Quizzes Today


Score Distribution

Your Account Isn't Verified!

In order to create a playlist on Sporcle, you need to verify the email address you used during registration. Go to your Sporcle Settings to finish the process.

Report this User

Report this user for behavior that violates our Community Guidelines.

Details: